000 00649nam a22001937a 4500
999 _c12011
_d12011
003 AR-CdUCM
008 190405b ||||| |||| 00| 0 spa d
040 _aMUNICIPALIDAD PROVINCIAL DEL CUSCO
_cBIBLIOTECA MUNICIPAL DEL CUSCO
082 _aC / 869.56 /
_bAL39
100 _aAlencastre Gutiérrez, Andrés
_916462
245 _aTaki Parwa /
_bkilku warak'a (seudónimo)
260 _aCusco :
_bGarcilaso,
_c1955.
300 _a30 páginas ;
_bilustraciones, retrato,
_c32 cm.
500 _aTexto en Quechua y Español.
505 _aContenido: Poesías.
650 _aPoesías Peruanas
_914867
942 _2ddc
_cLIBROS
945 _aachl
_d2019-04-05